[Event "DEM U18w 2014"]
[Site "Magdeburg GER"]
[Date "2014.06.09"]
[Round "3"]
[White "Steimbach, Isabel"]
[Black "Polert, Annika"]
[Result "1/2-1/2"]
[Termination "normal"]
[Board "3"]
[WhiteElo "1775"]
[BlackElo "1838"]
[PlyCount "42"]
[WhiteFideId "24692174"]
[BlackFideId "24692328"]
[EventCountry "GER"]
[EventRounds "9"]
[EventType "swiss"]
[EventDate "2014.06.07"]

1. e4 c5 2. Nf3 Nc6 3. d4 cxd4 4. Nxd4 e5 5. Nb5 a6 6. Nd6+ Bxd6 7. Qxd6 Qf6 8.
Qc7 Nge7 9. Nc3 O-O 10. Be3 d6 11. O-O-O Rd8 12. Nd5 Nxd5 13. exd5 Nd4 14. Bxd4
exd4 15. Qb6 Bf5 16. Qxd4 Rdc8 17. c3 Qg5+ 18. Qd2 Qf6 19. f3 b5 20. a3 Rc5 21.
Qd4 Qg5+ 1/2-1/2

[Event "DEM U18w 2014"]
[Site "Magdeburg GER"]
[Date "2014.06.09"]
[Round "3"]
[White "Halas, Lena"]
[Black "Schmalhorst, Sophia"]
[Result "0-1"]
[Termination "normal"]
[Board "4"]
[WhiteElo "1672"]
[BlackElo "1917"]
[PlyCount "154"]
[WhiteFideId "12931799"]
[BlackFideId "24682497"]
[EventCountry "GER"]
[EventRounds "9"]
[EventType "swiss"]
[EventDate "2014.06.07"]

1. e4 e5 2. Nf3 Nc6 3. d4 exd4 4. Nxd4 Nf6 5. Nxc6 bxc6 6. e5 Qe7 7. Qe2 Nd5 8.
Nd2 g6 9. c4 Ba6 10. b3 Bg7 11. Nf3 O-O 12. g3 Rfe8 13. Bh3 d6 14. Ba3 Bxe5 15.
Nxe5 Qxe5 16. Qxe5 Rxe5+ 17. Kd2 Nf6 18. f3 Rae8 19. Rhe1 Rxe1 20. Rxe1 Rxe1
21. Kxe1 c5 22. Bb2 Nh5 23. Bg4 Ng7 24. Bf6 Ne8 25. Bc3 f5 26. Bh3 Kf7 27. Kf2
Bb7 28. Ke3 c6 29. Kf4 Nf6 30. g4 fxg4 31. fxg4 h6 32. Bg2 g5+ 33. Kg3 Ke6 34.
h4 d5 35. hxg5 hxg5 36. Bd2 Nh7 37. Bf1 Kf6 38. Bd3 Nf8 39. Bc3+ d4 40. Ba5 Ne6
41. Bf5 Bc8 42. Bxe6 Bxe6 43. Bd8+ Kg6 44. Kf3 Bd7 45. Be7 d3 46. Ke3 Bxg4 47.
Kxd3 Bf5+ 48. Kc3 Be4 49. Bxc5 a6 50. Kd4 Kf5 51. Bd6 g4 52. c5 Bb1 53. a3 Bc2
54. Kc3 Bd1 55. Kb4 Ke4 56. Ka5 Be2 57. Kb6 Kd5 58. b4 Bd3 59. Bb8 Bb5 60. Bd6
Kc4 61. a4 Bxa4 62. Kxa6 Kxb4 63. Kb7 Kc4 64. Kc7 Kd3 65. Kd7 Ke3 66. Ke6 Kf3
67. Kf5 g3 68. Bf4 g2 69. Bh2 Kf2 70. Kf4 g1=Q 71. Bxg1+ Kxg1 72. Ke3 Kf1 73.
Kd2 Kf2 74. Kd3 Kf3 75. Kd4 Kf4 76. Kd3 Ke5 77. Kc4 Bb5+ 1/2-1/2

[Event "DEM U18w 2014"]
[Site "Magdeburg GER"]
[Date "2014.06.09"]
[Round "3"]
[White "Spiegelberg, Silvia"]
[Black "Herbrig, Marie-Helen"]
[Result "0-1"]
[Termination "normal"]
[Board "5"]
[WhiteElo "1925"]
[BlackElo "1659"]
[PlyCount "82"]
[WhiteFideId "24654450"]
[BlackFideId "12900427"]
[EventCountry "GER"]
[EventRounds "9"]
[EventType "swiss"]
[EventDate "2014.06.07"]

1. e4 c5 2. Nf3 Nc6 3. d4 cxd4 4. Nxd4 Nf6 5. Nc3 d6 6. f3 e5 7. Nb3 Be6 8. Be3
Be7 9. Qd2 a5 10. Bb5 O-O 11. g4 d5 12. g5 d4 13. gxf6 dxe3 14. Qxd8 Bxd8 15.
fxg7 Kxg7 16. O-O-O Bb6 17. Na4 Ba7 18. c3 Ne7 19. Nac5 Bxb3 20. Nxb3 a4 21.
Na1 Ng6 22. Nc2 Nf4 23. Rhe1 e2 24. Bxe2 Bf2 25. Bb5 Bxe1 26. Rxe1 Ra5 27. Bc4
Rc5 28. Ne3 Rxc4 29. Nxc4 Nd3+ 30. Kd2 Nxe1 31. Kxe1 f6 32. Nb6 a3 33. b4 Kf7
34. Nc4 Ke6 35. Kd2 Rg8 36. Ne3 Rg1 37. Kc2 Rh1 38. Kb3 Rxh2 39. Kxa3 h5 40.
Kb3 h4 41. a4 h3 0-1

[Event "DEM U18w 2014"]
[Site "Magdeburg GER"]
[Date "2014.06.09"]
[Round "3"]
[White "Paliy, Margaryta"]
[Black "Berger, Nadja"]
[Result "0-1"]
[Termination "normal"]
[Board "6"]
[WhiteElo "1620"]
[BlackElo "1797"]
[PlyCount "110"]
[WhiteFideId "24692417"]
[BlackFideId "24692212"]
[EventCountry "GER"]
[EventRounds "9"]
[EventType "swiss"]
[EventDate "2014.06.07"]

1. e4 c5 2. c3 d6 3. d4 cxd4 4. cxd4 Nf6 5. Nc3 a6 6. Nf3 e6 7. Bd3 Be7 8. O-O
Nbd7 9. Be3 b5 10. Rc1 Bb7 11. a3 Rc8 12. Bb1 O-O 13. Qd3 e5 14. d5 Qa5 15. Nd2
Qd8 16. f4 Ng4 17. Ne2 Bf6 18. f5 Nxe3 19. Qxe3 Bg5 20. Qd3 Qb6+ 21. Kh1 Nc5
22. Rxc5 Rxc5 23. Nb3 Rc4 24. Qg3 Bf6 25. Bd3 Rc7 26. Qg4 Rfc8 27. h4 a5 28. h5
h6 29. Nc3 b4 30. Nb5 Ba6 31. a4 Bxb5 32. Bxb5 Rc2 33. Rb1 Bg5 34. Bd3 R2c7 35.
Rf1 f6 36. Qe2 Ra8 37. Bb5 Bf4 38. Bc6 Rxc6 39. dxc6 Qxc6 40. Rd1 Ra6 41. Rd5
Ra8 42. Qd1 Qxa4 43. Rxd6 Qe8 44. Nxa5 Kh7 45. Nc4 b3 46. Nb6 Ra1 47. Qxa1
Qxh5+ 48. Kg1 Be3+ 49. Kf1 Qh1+ 50. Ke2 Qxa1 51. Kxe3 Qc1+ 52. Kf3 Qf4+ 53. Ke2
Qxe4+ 54. Kd1 Qb1+ 55. Ke2 Qxb2+ 0-1

[Event "DEM U18w 2014"]
[Site "Magdeburg GER"]
[Date "2014.06.09"]
[Round "3"]
[White "Tettmann, Ann-Kathrin"]
[Black "Winterholler, Christina"]
[Result "0-1"]
[Termination "normal"]
[Board "7"]
[WhiteElo "1802"]
[BlackElo "1958"]
[PlyCount "48"]
[WhiteFideId "12945676"]
[BlackFideId "24652105"]
[EventCountry "GER"]
[EventRounds "9"]
[EventType "swiss"]
[EventDate "2014.06.07"]

1. c4 Nf6 2. g3 e5 3. Bg2 h6 4. Nc3 Bb4 5. d3 O-O 6. e4 c6 7. Nge2 d5 8. exd5
cxd5 9. O-O dxc4 10. dxc4 Qe7 11. Qc2 Nc6 12. h3 Be6 13. Nd5 Bxd5 14. cxd5 Nb8
15. Be3 Na6 16. a3 Rac8 17. Qa4 Bc5 18. Bxc5 Nxc5 19. Qb4 e4 20. Kh2 Nxd5 21.
Qd4 Rfd8 22. Rae1 Nf4 23. Qe3 Nd5 24. Qd4 Nd3 0-1

[Event "DEM U18w 2014"]
[Site "Magdeburg GER"]
[Date "2014.06.09"]
[Round "3"]
[White "Krauße, Vanessa"]
[Black "Lagunow, Elina"]
[Result "0-1"]
[Termination "normal"]
[Board "8"]
[WhiteElo "1587"]
[BlackElo "1795"]
[PlyCount "106"]
[WhiteFideId "12937991"]
[BlackFideId "4673387"]
[EventCountry "GER"]
[EventRounds "9"]
[EventType "swiss"]
[EventDate "2014.06.07"]

1. e4 c5 2. Nf3 Nc6 3. d4 cxd4 4. Nxd4 g6 5. Nc3 Bg7 6. Be3 Nf6 7. Bc4 Qa5 8.
O-O O-O 9. Bb3 d6 10. h3 Bd7 11. Re1 a6 12. Nd5 Nxd5 13. Nxc6 bxc6 14. exd5
cxd5 15. Bxd5 Rab8 16. Bb3 Bxb2 17. Bh6 Rfe8 18. Rb1 Bf6 19. c4 Bf5 20. Bc2
Bxc2 21. Qxc2 d5 22. cxd5 Qxd5 23. Rbd1 Qh5 24. Bf4 Rec8 25. Qd3 Rb5 26. Qd7
Rbc5 27. Qb7 a5 28. Rd7 Rc2 29. Rd5 Qh4 30. Bg3 Qa4 31. Qa6 Qb4 32. Red1 Rc1
33. Rxc1 Rxc1+ 34. Kh2 Qe1 35. Bf4 Qg1+ 36. Kg3 Rc3+ 37. Be3 Rxe3+ 38. fxe3
Qxe3+ 39. Kh2 Be5+ 40. Rxe5 Qxe5+ 41. Kg1 Qe1+ 42. Kh2 e5 43. Qd3 e4 44. Qd8+
Kg7 45. Qd4+ f6 46. Qd7+ Kh6 47. Qe7 f5 48. Qf8+ Kh5 49. Qg7 h6 50. Qe5 Qf2 51.
Qxa5 e3 52. Qa7 Qf4+ 53. Kg1 e2 0-1

[Event "DEM U18w 2014"]
[Site "Magdeburg GER"]
[Date "2014.06.09"]
[Round "3"]
[White "Wulf, Constanze"]
[Black "Tobianski, Karina"]
[Result "1-0"]
[Termination "normal"]
[Board "9"]
[WhiteElo "1623"]
[BlackElo "1450"]
[PlyCount "85"]
[WhiteFideId "24692379"]
[BlackFideId "12937746"]
[EventCountry "GER"]
[EventRounds "9"]
[EventType "swiss"]
[EventDate "2014.06.07"]

1. d4 Nf6 2. c4 Nc6 3. Nf3 e6 4. Bg5 d6 5. Nc3 Be7 6. e4 e5 7. h3 O-O 8. Be2
Re8 9. O-O exd4 10. Nxd4 Bd7 11. Re1 h6 12. Bh4 Ne5 13. Bg3 Ng6 14. Qc2 Ne5 15.
Rad1 Rc8 16. Nf5 Bxf5 17. exf5 Nfd7 18. Nd5 Nc6 19. a3 Bh4 20. Bxh4 Qxh4 21.
Bf1 Nce5 22. Re3 Nb6 23. Rde1 Nxd5 24. cxd5 Red8 25. Rc3 c5 26. b4 b6 27. bxc5
bxc5 28. Rb1 Rc7 29. Rcb3 Qe7 30. Re3 Qf6 31. Reb3 Qe7 32. R1b2 Rdc8 33. Rb8
Qd8 34. R8b7 Nd7 35. R7b3 Nb6 36. Ba6 Rb8 37. a4 Qe7 38. a5 Qe1+ 39. Bf1 Qxa5
40. Rb5 Qa3 41. Ra2 Qxa2 42. Qxa2 Rbc8 43. Bc4 1-0

[Event "DEM U18w 2014"]
[Site "Magdeburg GER"]
[Date "2014.06.09"]
[Round "3"]
[White "Rahimi, Rozafa"]
[Black "Döpper, Anna Bérénice"]
[Result "0-1"]
[Termination "normal"]
[Board "10"]
[WhiteElo "1669"]
[BlackElo "1576"]
[PlyCount "76"]
[WhiteFideId "24692280"]
[BlackFideId "1271853"]
[EventCountry "GER"]
[EventRounds "9"]
[EventType "swiss"]
[EventDate "2014.06.07"]

1. g3 e5 2. Bg2 d5 3. d3 Nf6 4. Nf3 Nc6 5. O-O Bd6 6. Bg5 O-O 7. Nc3 Be6 8. e4
d4 9. Ne2 h6 10. Bd2 Ne7 11. c3 c5 12. b4 Nc6 13. bxc5 Bxc5 14. cxd4 Nxd4 15.
Nxe5 Nxe2+ 16. Qxe2 Bd4 17. Bb4 Re8 18. Rad1 Bxe5 19. d4 Bc7 20. Qb2 Bb6 21.
Kh1 Bc4 22. Rfe1 Qd7 23. Qc2 Rac8 24. Qd2 Qa4 25. Ra1 Rcd8 26. Bc3 Qd7 27. Rad1
Bb5 28. Ba5 Bxa5 29. Qxa5 b6 30. Qb4 Ba4 31. Rd3 Bc2 32. Ra3 Bxe4 33. Bxe4 Rxe4
34. Rxe4 Nxe4 35. Qe1 Qb7 36. Kg1 Rxd4 37. Re3 Qd5 38. a3 Rd1 0-1

[Event "DEM U18w 2014"]
[Site "Magdeburg GER"]
[Date "2014.06.09"]
[Round "3"]
[White "Schlichter, Lisa"]
[Black "Triantafillidis, Zoe"]
[Result "1/2-1/2"]
[Termination "normal"]
[Board "11"]
[WhiteElo "1654"]
[BlackElo "1721"]
[PlyCount "55"]
[WhiteFideId "12926396"]
[BlackFideId "12900150"]
[EventCountry "GER"]
[EventRounds "9"]
[EventType "swiss"]
[EventDate "2014.06.07"]

1. e4 e6 2. d3 d5 3. Nd2 Nf6 4. g3 dxe4 5. dxe4 e5 6. Bg2 Nc6 7. Ngf3 h6 8. h3
Be6 9. O-O Bc5 10. Qe2 Bb6 11. Nc4 Bxc4 12. Qxc4 Qe7 13. Bd2 O-O-O 14. Rad1
Rhe8 15. Rfe1 Qc5 16. Qxc5 Bxc5 17. a3 Rd6 18. Bf1 Red8 19. Bd3 a6 20. Bc3 Re8
21. b4 Bd4 22. Nxd4 Nxd4 23. Kg2 Nd7 24. Bb2 Rd8 25. Rd2 Nb6 26. Red1 f6 27.
Bxd4 Rxd4 28. Ra1 1/2-1/2

[Event "DEM U18w 2014"]
[Site "Magdeburg GER"]
[Date "2014.06.09"]
[Round "3"]
[White "Kreitmeier, Anika"]
[Black "Gast, Antonia"]
[Result "0-1"]
[Termination "normal"]
[Board "12"]
[WhiteElo "1332"]
[BlackElo "1699"]
[PlyCount "108"]
[WhiteFideId "12991775"]
[BlackFideId "12929336"]
[EventCountry "GER"]
[EventRounds "9"]
[EventType "swiss"]
[EventDate "2014.06.07"]

1. e4 c5 2. Nf3 d6 3. d4 cxd4 4. Nxd4 Nf6 5. Nc3 a6 6. Bc4 e6 7. O-O Be7 8. Qf3
O-O 9. Qg3 Re8 10. Bh6 g6 11. Rad1 Bf8 12. Bxf8 Rxf8 13. e5 Nh5 14. Qe3 d5 15.
Be2 Ng7 16. Nb1 Nc6 17. c4 Qb6 18. cxd5 Nxd4 19. Qxd4 Qxd4 20. Rxd4 Nf5 21. Rd2
exd5 22. Rxd5 Be6 23. Ra5 Nd4 24. Nc3 b5 25. Bf3 Nxf3+ 26. gxf3 Rfd8 27. a4
bxa4 28. Rxa4 Rab8 29. Rb1 Rd3 30. Kg2 Rxc3 31. bxc3 Rxb1 32. Rxa6 Rc1 33. Ra3
Rc2 34. Kg3 Kg7 35. f4 Ra2 36. Rxa2 Bxa2 37. Kf3 Kf8 38. Kg4 Be6+ 39. Kg5 Kg7
40. Kh4 h6 41. Kg3 Kf8 42. Kf3 Ke7 43. h4 h5 44. Ke3 Kd7 45. Kd4 Kc6 46. Ke4
Kc5 47. Kd3 Bf5+ 48. Kd2 Kc4 49. f3 Bd3 50. Ke3 Kxc3 51. Kf2 Kd2 52. Kg2 Ke3
53. Kg3 Bf5 54. Kg2 Kxf4 0-1

[Event "DEM U18w 2014"]
[Site "Magdeburg GER"]
[Date "2014.06.10"]
[Round "4"]
[White "Sherif, Amina"]
[Black "Diederichs, Luise"]
[Result "1/2-1/2"]
[Termination "normal"]
[Board "1"]
[WhiteTitle "CM"]
[WhiteElo "1754"]
[BlackElo "1970"]
[WhiteClock "00:16:14"]
[BlackClock "00:17:00"]
[PlyCount "44"]
[WhiteFideId "12911690"]
[BlackFideId "24661597"]
[EventCountry "GER"]
[EventRounds "9"]
[EventType "swiss"]
[EventDate "2014.06.07"]

1. e4 c5 2. Nc3 Nc6 3. g3 g6 4. Bg2 Bg7 5. Nge2 d6 6. d3 e6 7. Be3 Nd4 8. Qd2
Ne7 9. O-O O-O 10. Nd1 d5 11. Nc1 b6 12. c3 Ndc6 13. exd5 exd5 14. d4 cxd4 15.
cxd4 Nf5 16. Ne2 Ba6 17. Ndc3 Bxe2 18. Nxe2 Qd7 19. Rfd1 Rad8 20. Rac1 Nxe3 21.
Qxe3 Rfe8 22. Qf3 Re7 1/2-1/2

[Event "DEM U18w 2014"]
[Site "Magdeburg GER"]
[Date "2014.06.10"]
[Round "4"]
[White "Berger, Nadja"]
[Black "Steimbach, Isabel"]
[Result "0-1"]
[Termination "normal"]
[Board "2"]
[WhiteElo "1797"]
[BlackElo "1775"]
[WhiteClock "00:01:08"]
[BlackClock "00:03:40"]
[PlyCount "122"]
[WhiteFideId "24692212"]
[BlackFideId "24692174"]
[EventCountry "GER"]
[EventRounds "9"]
[EventType "swiss"]
[EventDate "2014.06.07"]

1. f4 d5 2. b3 Nf6 3. Bb2 e6 4. Nf3 b6 5. e3 Bb7 6. Bb5+ c6 7. Be2 Be7 8. O-O
O-O 9. Ne5 Nbd7 10. d3 Qc7 11. Nd2 Ne8 12. Ndf3 f6 13. Nxd7 Qxd7 14. e4 dxe4
15. dxe4 Bc5+ 16. Kh1 Qe7 17. a4 Nc7 18. Qe1 Rad8 19. Qg3 b5 20. Bd3 a6 21. Qh3
Bc8 22. Nh4 Qe8 23. Qg4 Bd4 24. Bxd4 Rxd4 25. Rf3 e5 26. f5 Rf7 27. Rg3 Nd5 28.
Rf1 Nf4 29. axb5 cxb5 30. Qd1 Qd8 31. Re3 Rfd7 32. Nf3 R4d6 33. Ne1 Bb7 34. g3
Qb6 35. Qc1 Nxd3 36. Nxd3 Rd4 37. Rfe1 Rc7 38. Qb1 Qc6 39. R3e2 Qd7 40. g4 Qd6
41. Qa2 h6 42. Qa5 Qd8 43. Qd2 Qa8 44. Kg1 Bxe4 45. h3 Bb7 46. c3 Rdd7 47. Qc2
Qc8 48. Rc1 Qd8 49. Nf2 Bf3 50. Re3 Rd2 51. Qb1 Bb7 52. Ne4 Rd5 53. b4 Rcd7 54.
Nc5 Rd1+ 55. Re1 Rxc1 56. Qxc1 Qb6 57. Qe3 Qc6 58. Qe4 Qxc5+ 59. bxc5 Bxe4 60.
Rxe4 Rc7 61. Re1 Rxc5 0-1

[Event "DEM U18w 2014"]
[Site "Magdeburg GER"]
[Date "2014.06.10"]
[Round "4"]
[White "Schmalhorst, Sophia"]
[Black "Lagunow, Elina"]
[Result "1-0"]
[Termination "normal"]
[Board "4"]
[WhiteElo "1917"]
[BlackElo "1795"]
[WhiteClock "00:21:52"]
[BlackClock "00:27:02"]
[PlyCount "69"]
[WhiteFideId "24682497"]
[BlackFideId "4673387"]
[EventCountry "GER"]
[EventRounds "9"]
[EventType "swiss"]
[EventDate "2014.06.07"]

1. e4 c5 2. Nf3 Nc6 3. d4 cxd4 4. Nxd4 g6 5. Nc3 Bg7 6. Be3 Nf6 7. Bc4 Qa5 8.
O-O O-O 9. Bb3 d6 10. h3 Bd7 11. Re1 Rfe8 12. Qe2 Rac8 13. Rad1 a6 14. f4 Qc7
15. Nf3 b5 16. a3 Na5 17. e5 dxe5 18. fxe5 Nh5 19. Bxf7+ Kxf7 20. Rxd7 Qxd7 21.
e6+ Kxe6 22. Ng5+ Kd6 23. Rd1+ Kc7 24. Rxd7+ Kxd7 25. Qd2+ Kc7 26. Nd5+ Kc6 27.
Nb4+ Kb7 28. Qd5+ Nc6 29. Nxc6 Rc7 30. Nb4+ Kc8 31. Qe6+ Rd7 32. Qxa6+ Rb7 33.
Qa8+ Rb8 34. Qc6+ Kd8 35. Ne6# 1-0

[Event "DEM U18w 2014"]
[Site "Magdeburg GER"]
[Date "2014.06.10"]
[Round "4"]
[White "Polert, Annika"]
[Black "Winterholler, Christina"]
[Result "1/2-1/2"]
[Termination "normal"]
[Board "5"]
[WhiteElo "1838"]
[BlackElo "1958"]
[WhiteClock "00:01:55"]
[BlackClock "00:01:43"]
[PlyCount "138"]
[WhiteFideId "24692328"]
[BlackFideId "24652105"]
[EventCountry "GER"]
[EventRounds "9"]
[EventType "swiss"]
[EventDate "2014.06.07"]

1. e4 e5 2. Nf3 Nc6 3. Bb5 a6 4. Ba4 Nf6 5. d4 Nxd4 6. Nxd4 exd4 7. Qxd4 c5 8.
Qe5+ Qe7 9. Qxe7+ Bxe7 10. c4 Nxe4 11. O-O Nd6 12. Bb3 b5 13. cxb5 c4 14. Bc2
axb5 15. Nc3 Bb7 16. Re1 Bc6 17. Bf4 Nc8 18. Be4 O-O 19. Nxb5 d5 20. Nd4 Bb7
21. Bf3 g5 22. Bd2 Bf6 23. Bc3 Nb6 24. a3 Na4 25. Nb5 Nxc3 26. Nxc3 Bxc3 27.
bxc3 Rfe8 28. Rxe8+ Rxe8 29. a4 f5 30. h3 Rd8 31. a5 Rd6 32. Kf1 Ba6 33. Rd1
Bb7 34. Ke1 Kg7 35. Kd2 Kf6 36. Rb1 Ba6 37. Rb8 h6 38. Ke3 d4+ 39. cxd4 f4+ 40.
Ke2 c3+ 41. Kd1 Bd3 42. Rb6 Ke7 43. Rxd6 Kxd6 44. Bb7 Kc7 45. a6 Kb6 46. Kc1
Ka7 47. g3 fxg3 48. fxg3 Kb6 49. Bc8 Ka7 50. g4 Kb6 51. Kd1 Ka7 52. Bf5 Bxa6
53. Kc2 Kb6 54. Kxc3 Bf1 55. Be6 Kc6 56. Kd2 Bxh3 57. Ke3 Bg2 58. Bf5 Kd5 59.
Bc8 Kd6 60. Ba6 Bd5 61. Be2 Ke6 62. Bf3 Bc4 63. Bb7 Bb3 64. Kd3 Kd6 65. Bf3 Bf7
66. Ke4 Bg6+ 67. Ke3 Bf7 68. Kd3 Bg6+ 69. Ke3 Kd5 1/2-1/2

[Event "DEM U18w 2014"]
[Site "Magdeburg GER"]
[Date "2014.06.10"]
[Round "4"]
[White "Herbrig, Marie-Helen"]
[Black "Wulf, Constanze"]
[Result "1-0"]
[Termination "normal"]
[Board "6"]
[WhiteElo "1659"]
[BlackElo "1623"]
[WhiteClock "00:24:25"]
[BlackClock "00:07:05"]
[PlyCount "129"]
[WhiteFideId "12900427"]
[BlackFideId "24692379"]
[EventCountry "GER"]
[EventRounds "9"]
[EventType "swiss"]
[EventDate "2014.06.07"]

1. d4 Nf6 2. c4 e6 3. Nf3 b6 4. Bg5 Be7 5. Nc3 Bb7 6. Qc2 h6 7. Bh4 O-O 8. e4
d5 9. e5 Ne4 10. Bxe7 Qxe7 11. cxd5 Nxc3 12. bxc3 Bxd5 13. Bd3 c5 14. O-O Bxf3
15. gxf3 Nc6 16. Qe2 Rac8 17. Qe4 g6 18. Kh1 cxd4 19. cxd4 Qb4 20. Rg1 Ne7 21.
a3 Qd2 22. Rad1 Qb2 23. Qh4 Nf5 24. Bxf5 exf5 25. e6 h5 26. Qf6 Qxa3 27. exf7+
Rxf7 28. Rxg6+ Kf8 29. Qh8+ Ke7 30. Qe5+ Kd7 31. Qe6+ Kd8 32. Qd5+ Ke7 33. Re1+
Kf8 34. Re3 Qc1+ 35. Kg2 Qc7 36. Re5 Rd8 37. Qe6 Qd7 38. Qb3 Rg7 39. Ree6 Qf7
40. Qb4+ Kg8 41. Qc4 Kh7 42. Rg3 Rxd4 43. Qc6 Rxg3+ 44. hxg3 Qg7 45. Rf6 f4 46.
Qe6 Rd7 47. Qf5+ Kg8 48. Rg6 fxg3 49. Rxg7+ Rxg7 50. fxg3 h4 51. Qe6+ Kf8 52.
Qf6+ Rf7 53. Qxh4 Ke8 54. g4 Re7 55. g5 Kd7 56. g6 a5 57. Qd4+ Kc7 58. g7 Rxg7+
59. Qxg7+ Kc6 60. f4 a4 61. f5 Kb5 62. Qb2+ Ka5 63. f6 b5 64. f7 b4 65. f8=Q
1-0

[Event "DEM U18w 2014"]
[Site "Magdeburg GER"]
[Date "2014.06.10"]
[Round "4"]
[White "Döpper, Anna Bérénice"]
[Black "Halas, Lena"]
[Result "1/2-1/2"]
[Termination "normal"]
[Board "7"]
[WhiteElo "1576"]
[BlackElo "1672"]
[WhiteClock "00:42:03"]
[BlackClock "00:13:23"]
[PlyCount "92"]
[WhiteFideId "1271853"]
[BlackFideId "12931799"]
[EventCountry "GER"]
[EventRounds "9"]
[EventType "swiss"]
[EventDate "2014.06.07"]

1. e4 c6 2. d4 d5 3. exd5 cxd5 4. c4 Nf6 5. Nc3 Nc6 6. Nf3 Bg4 7. cxd5 Nxd5 8.
Be2 e6 9. a3 Rc8 10. Be3 Qa5 11. Qb3 Nxc3 12. bxc3 Qc7 13. O-O Bd6 14. h3 Bf5
15. c4 O-O 16. Rac1 Be7 17. Rfd1 Rfd8 18. d5 Na5 19. Qa2 b6 20. Nd4 Qe5 21. Nf3
Qd6 22. Nd4 Qxa3 23. Qxa3 Bxa3 24. Ra1 Bb2 25. Nxf5 exf5 26. Ra2 Be5 27. Rc2 f4
28. Bc1 Nb3 29. Bb2 Bxb2 30. Rxb2 Nc5 31. Bg4 Nd7 32. Re2 g6 33. Rc2 h5 34. Bf3
Ne5 35. Be2 Kf8 36. Rd4 f3 37. gxf3 Nc6 38. Rdd2 Nb4 39. Rb2 a5 40. Rd1 Ke7 41.
Rbd2 Kd6 42. Rc1 Ke5 43. Re1 Kd6 44. Rc1 Rc5 45. Rb1 Rb8 46. Rdb2 Ke5 1/2-1/2

[Event "DEM U18w 2014"]
[Site "Magdeburg GER"]
[Date "2014.06.10"]
[Round "4"]
[White "Tobianski, Karina"]
[Black "Tettmann, Ann-Kathrin"]
[Result "1/2-1/2"]
[Termination "normal"]
[Board "9"]
[WhiteElo "1450"]
[BlackElo "1802"]
[PlyCount "48"]
[WhiteFideId "12937746"]
[BlackFideId "12945676"]
[EventCountry "GER"]
[EventRounds "9"]
[EventType "swiss"]
[EventDate "2014.06.07"]

1. e4 c5 2. Nf3 a6 3. c3 Nc6 4. d4 d5 5. exd5 Qxd5 6. dxc5 Qxd1+ 7. Kxd1 Bg4 8.
Be3 Bxf3+ 9. gxf3 O-O-O+ 10. Kc2 e6 11. b4 Nf6 12. Nd2 Be7 13. Be2 Nd5 14. Rab1
Bf6 15. Ne4 Rd7 16. Nxf6 gxf6 17. Rhg1 Rhd8 18. Rbd1 Nce7 19. a3 Nf5 20. Bd2
Kc7 21. Bc1 Kc6 22. Bd3 Nh4 23. Be2 Nf5 24. Bd3 Nh4 1/2-1/2

[Event "DEM U18w 2014"]
[Site "Magdeburg GER"]
[Date "2014.06.10"]
[Round "4"]
[White "Gast, Antonia"]
[Black "Paliy, Margaryta"]
[Result "1/2-1/2"]
[Termination "normal"]
[Board "10"]
[WhiteElo "1699"]
[BlackElo "1620"]
[PlyCount "53"]
[WhiteFideId "12929336"]
[BlackFideId "24692417"]
[EventCountry "GER"]
[EventRounds "9"]
[EventType "swiss"]
[EventDate "2014.06.07"]

1. c4 e5 2. Nc3 Nc6 3. g3 g6 4. Bg2 Bg7 5. e4 d6 6. Nge2 f5 7. d3 Nf6 8. h3 Be6
9. Nd5 Qc8 10. Nec3 O-O 11. exf5 Bxf5 12. g4 Be6 13. Nxf6+ Bxf6 14. O-O Ne7 15.
Bh6 Bg7 16. Bxg7 Kxg7 17. Qe2 c6 18. Ne4 Qd7 19. Rad1 c5 20. Ng5 Rab8 21. f4 h6
22. Nxe6+ Qxe6 23. fxe5 Rxf1+ 24. Rxf1 Qxe5 25. Qxe5+ dxe5 26. Be4 b6 27. Rf3
1/2-1/2

[Event "DEM U18w 2014"]
[Site "Magdeburg GER"]
[Date "2014.06.10"]
[Round "4"]
[White "Triantafillidis, Zoe"]
[Black "Rahimi, Rozafa"]
[Result "1/2-1/2"]
[Termination "normal"]
[Board "11"]
[WhiteElo "1721"]
[BlackElo "1669"]
[PlyCount "90"]
[WhiteFideId "12900150"]
[BlackFideId "24692280"]
[EventCountry "GER"]
[EventRounds "9"]
[EventType "swiss"]
[EventDate "2014.06.07"]

1. e4 d5 2. exd5 Nf6 3. d4 Nxd5 4. c4 Nf6 5. Nc3 c6 6. Be2 Bf5 7. Nf3 e6 8. O-O
Bd6 9. Qb3 Qc8 10. h3 Nbd7 11. Be3 Bb8 12. Rfd1 O-O 13. Bd3 Bg6 14. Qc2 Qc7 15.
Ne2 Nh5 16. g4 Nhf6 17. Bf4 Qb6 18. Be3 Qd8 19. Nf4 Bxd3 20. Qxd3 Nb6 21. b3 a5
22. Ng2 Bc7 23. Ne5 Nfd7 24. Nf3 h6 25. Bf4 Qb8 26. Qe4 Nf6 27. Bxc7 Nxe4 28.
Bxb8 Raxb8 29. Re1 Nf6 30. Rad1 a4 31. Nf4 g5 32. Nd3 Nfd7 33. Nc5 axb3 34.
axb3 Rfd8 35. h4 gxh4 36. Nxh4 Kh7 37. Nf3 Rg8 38. Kf1 Rxg4 39. Ke2 Nxc5 40.
dxc5 Re4+ 41. Kf1 Rxe1+ 42. Kxe1 Na8 43. Rd7 Kg8 44. Ne5 f5 45. Re7 Kf8 1/2-1/2

[Event "DEM U18w 2014"]
[Site "Magdeburg GER"]
[Date "2014.06.10"]
[Round "4"]
[White "Kreitmeier, Anika"]
[Black "Schlichter, Lisa"]
[Result "1/2-1/2"]
[Termination "normal"]
[Board "12"]
[WhiteElo "1332"]
[BlackElo "1654"]
[PlyCount "108"]
[WhiteFideId "12991775"]
[BlackFideId "12926396"]
[EventCountry "GER"]
[EventRounds "9"]
[EventType "swiss"]
[EventDate "2014.06.07"]

1. e4 c5 2. Nf3 Nc6 3. d4 cxd4 4. Nxd4 g6 5. Nc3 Bg7 6. Be3 Nf6 7. Bb5 O-O 8.
O-O a6 9. Ba4 Nxd4 10. Bxd4 b5 11. Bb3 d6 12. Re1 Bb7 13. Qd3 Qc7 14. Qe3 Ng4
15. Qd3 Ne5 16. Qe2 Rfe8 17. Nd5 Qc6 18. f4 Nd7 19. Bxg7 Kxg7 20. Qg4 Nc5 21.
Rac1 a5 22. a3 Rac8 23. Ba2 Qa6 24. f5 Qa7 25. Kh1 Bc6 26. Qg5 f6 27. Qg4 Bd7
28. Re3 e6 29. fxe6 Nxe6 30. Qh4 Ng5 31. Qf4 Rf8 32. Qxd6 Qxe3 33. Nxe3 Rcd8
34. Qe7+ Kh6 35. Rf1 Bc8 36. h3 Rde8 37. Qc5 Nxe4 38. Qxb5 Ng3+ 39. Kh2 Rxe3
40. Rd1 Nf5 41. Rd3 Re5 42. Qa4 Rfe8 43. Rc3 Bb7 44. Rc7 Be4 45. Qd7 R5e7 46.
Qd2+ Kg7 47. Rxe7+ Rxe7 48. c4 Bc6 49. Qxa5 Kh6 50. Qc5 Bb7 51. Bb1 Re2 52.
Bxf5 Rxg2+ 53. Kh1 Rg5+ 54. Kh2 Rg2+ 1/2-1/2

[Event "DEM U18w 2014"]
[Site "Magdeburg GER"]
[Date "2014.06.10"]
[Round "5"]
[White "Steimbach, Isabel"]
[Black "Sherif, Amina"]
[Result "1/2-1/2"]
[Termination "normal"]
[Board "1"]
[BlackTitle "CM"]
[WhiteElo "1775"]
[BlackElo "1754"]
[WhiteClock "00:26:47"]
[BlackClock "00:30:40"]
[PlyCount "83"]
[WhiteFideId "24692174"]
[BlackFideId "12911690"]
[EventCountry "GER"]
[EventRounds "9"]
[EventType "swiss"]
[EventDate "2014.06.07"]

1. e4 e5 2. Nf3 Nf6 3. Nxe5 d6 4. Nf3 Nxe4 5. Nc3 Nxc3 6. dxc3 Be7 7. Be3 Nc6
8. Qd2 Be6 9. a3 a6 10. O-O-O Qd7 11. h3 O-O-O 12. Nd4 Bf6 13. Nxe6 Qxe6 14.
Kb1 Rhe8 15. Be2 Kb8 16. Bf3 Ne5 17. Bd5 Qd7 18. f4 Nc6 19. g4 g6 20. Rhf1 Re7
21. Bg1 Rde8 22. Bf3 h6 23. g5 Bg7 24. Bg4 Qd8 25. h4 f6 26. f5 Ne5 27. Bh3
hxg5 28. hxg5 gxf5 29. gxf6 Bxf6 30. Qf2 Nc6 31. Qxf5 Bg7 32. Qd5 Re5 33. Qd3
Qe7 34. Bg2 Qd7 35. Bh3 Qe7 36. Bg2 Qd7 37. Qg3 Bh6 38. Bh3 Qg7 39. Qd3 Be3 40.
Bxe3 Rxe3 41. Qf5 Qg3 42. Bg4 1/2-1/2